Những vấn đề hoá sinh học hiện đại. T.1 /
Cấu trúc phân tử của enzym; Cơ chế hoạt động của enzym; Sự điều chỉnh của enzym trong tế bào; Vai trò của các ion kim loại trong hoạt động xúc tác của enzym; Các peptid trong dẫn truyền thần kinh; Sinh tổng hợp và sự hoàn thiện phân tử protein.....
Đã lưu trong:
| 主要作者: | |
|---|---|
| 其他作者: | , , , , , |
| 格式: | 圖書 |
| 語言: | Vietnamese |
| 出版: |
Hà Nội :
Khoa học và kỹ thuật,
2000.
|
| 主題: | |
| 標簽: |
添加標簽
沒有標簽, 成為第一個標記此記錄!
|
| Thư viện lưu trữ: | Mạng thư viện Đại học Đà Nẵng |
|---|
| LEADER | 01800cam a2200445 a 4500 | ||
|---|---|---|---|
| 001 | 000045013 | ||
| 003 | 4123 | ||
| 005 | 20060414112041.0 | ||
| 008 | 010308b2000 vm 000 vie | ||
| 020 | |c 36000 | ||
| 040 | |a LRC |c LRC |d LRC | ||
| 041 | 0 | |a vie | |
| 082 | 1 | 4 | |a 574.192 |b NG-C |
| 100 | 1 | |a Nguyễn Hữu Chấn, |c GS.TSKH. | |
| 245 | 1 | 6 | |a Những vấn đề hoá sinh học hiện đại. |n T.1 / |c Nguyễn Hữu Chấn chủ biên. |
| 246 | 3 | 5 | |a The problems of modern biochemistry. |n Tome 1. |
| 260 | |a Hà Nội : |b Khoa học và kỹ thuật, |c 2000. | ||
| 300 | |a 287 tr. ; |c 27 cm. | ||
| 520 | 3 | |a Cấu trúc phân tử của enzym; Cơ chế hoạt động của enzym; Sự điều chỉnh của enzym trong tế bào; Vai trò của các ion kim loại trong hoạt động xúc tác của enzym; Các peptid trong dẫn truyền thần kinh; Sinh tổng hợp và sự hoàn thiện phân tử protein.. | |
| 630 | 0 | 4 | |a Sinh học. |
| 630 | 0 | 4 | |a Hóa sinh học. |
| 650 | 0 | 4 | |a Hoá sinh học. |
| 700 | 1 | |a Trần Thị Ân, |c GS.TS. | |
| 700 | 1 | |a Nguyễn Hữu Chấn, |c GS.TS. | |
| 700 | 1 | |a Nguyễn Thị Hà, |c PGS.PTS. | |
| 700 | 1 | |a Nguyễn Nghiêm Luật, |c PGS.PTS. | |
| 700 | 1 | |a Hoàng Thị Bích Ngọc, |c PGS.PTS. | |
| 700 | 1 | |a Vũ Thị Phương, |c PTS. | |
| OWN | |a DUT | ||
| AVA | |a UDN50 |b DUT |c Book |d 574.192 NG-C |e available |t Error 5001 Not defined in file expand_doc_bib_avail. |f 5 |g 0 |h N |i 1 |j SH |k 1 | ||
| 999 | |a From the UDN01 | ||
| AVA | |a UDN50 |b DUT |c Book |d 574.192 NG-C |e available |t Error 5001 Not defined in file expand_doc_bib_avail. |f 5 |g 0 |h N |i 1 |j SH |k 1 | ||
| TYP | |a Monograph | ||
| TYP | |a Printed language | ||
| 980 | |a Mạng thư viện Đại học Đà Nẵng | ||